Akta Bil Pertukaran 1949 (Akta 204) dan Akta Bil Jualan 1950 (Akta 268) : (Hingga 10hb Februari 2006)

Bibliographic Details
Corporate Authors: Malaysia, International Law Book Services. Lembaga Penyelidikan Undang-Undang
Format: Book
Published: Petaling Jaya : ILBS , 2006
Subjects:

MARC

LEADER 00000cam a2200000 7i4500
001 0000018333
005 20061219.0
020 |a 9678909375 
040 |a INS 
090 0 0 |a KPG881.A311983   |b M4 2006 
110 1 |a Malaysia 
240 0 0 |a [Akta Bil Pertukaran 1949 (Akta 204)] 
245 1 0 |a Akta Bil Pertukaran 1949 (Akta 204) dan Akta Bil Jualan 1950 (Akta 268) :   |b (Hingga 10hb Februari 2006)   |c disusun oleh Lembaga Penyelidikan Undang-Undang 
260 |a Petaling Jaya :   |b ILBS ,   |c 2006 
300 |a 78 p. ;   |c 24 cm. 
650 0 0 |a Bills of exchange   |z Malaysia 
710 1 |a International Law Book Services. Lembaga Penyelidikan Undang-Undang 
740 0 |a Undang-Undang Malaysia 
999 |a 0000017839   |b BOOK   |c Acts   |e Default branch